Logo Biblioteca

El arte en la historia : (Registro nro. 59)

Detalles MARC
000 -LEADER
fixed length control field 02282nam a22001937a 4500
003 - CONTROL NUMBER IDENTIFIER
control field OSt
005 - DATE AND TIME OF LATEST TRANSACTION
control field 20240408083908.0
008 - FIXED-LENGTH DATA ELEMENTS--GENERAL INFORMATION
fixed length control field 230628b2014 ag ||||| |||| 00| 0 spa d
020 ## - INTERNATIONAL STANDARD BOOK NUMBER
International Standard Book Number 9788416142200
040 ## - CATALOGING SOURCE
Language of cataloging spa
Transcribing agency besoc
100 1# - MAIN ENTRY--PERSONAL NAME
Personal name Kemp, Martin
Dates associated with a name 1942-
Relator term autor
245 13 - TITLE STATEMENT
Title El arte en la historia :
Remainder of title 600 a.c - 2000 d.c /
Statement of responsibility, etc. Martin Kemp
260 ## - PUBLICATION, DISTRIBUTION, ETC.
Place of publication, distribution, etc. Madrid :
Name of publisher, distributor, etc. Turner,
Date of publication, distribution, etc. 2015
300 ## - PHYSICAL DESCRIPTION
Extent 259 p.
505 0# - FORMATTED CONTENTS NOTE
Formatted contents note Introducción: El arte en la historia -- El progreso del arte en Grecia y Roma -- Imágenes esculpidas -- A vueltas con el Renacimiento y el progreso: 1300-1600 -- Academias y alternativas -- Entendidos y críticos -- Románticamente real -- La vida moderna: la dimensión francesa -- Nuevos extremos -- Algo diferente -- Conclusión.-
520 ## - SUMMARY, ETC.
Summary, etc. Habrá quien ni siquiera pestañee ante la Gioconda pero se sienta profundamente conmovido ante una caja de jabón Brillo, al menos en el debido contexto. Solo con mirarla, una pintura de Rafael, de Rembrandt o de Rubens puede interpelarnos directamente, pero también es posible que no nos diga nada. Esa pintura, sin embargo, es un documento histórico, y cuando contemplamos las obras a través de la historia, cuando sabemos qué intentaban decir los artistas, a quién y por qué, nuestra experiencia, eso que llamamos experiencia estética, se enriquece.<br/>Cuando Martin Kemp –uno de los mayores expertos mundiales en la obra de Leonardo da Vinci, el arte renacentista y la relación entre ciencia y arte– nos cuenta cómo una cosa ha llevado a la otra, cómo una obra, queriendo o no, cita a las que han venido antes o abre el camino a lo que vendrá después, aquello que tal vez nos parecía aburrido acaba fascinándonos.<br/>El arte en la historia es una guía indispensable –y, naturalmente, ilustrada– por la evolución de lo que llamamos arte (y una explicación de cómo hemos acabado llamándolo así), desde las obras de la Antigüedad clásica hasta las revolucionarias técnicas del Renacimiento, desde los maestros del siglo xvii hasta la vanguardias del siglo xx, de Leonardo a Miguel ángel, de Vermeer a Velázquez, de Picasso a la cama de Tracey Emin. Martin Kemp enseña, hace pensar y entretiene. [Nota del editor]
651 #4 - SUBJECT ADDED ENTRY--GEOGRAPHIC NAME
Geographic name Argentina
General subdivision Museos
-- Arte contemporáneo
942 ## - ADDED ENTRY ELEMENTS (KOHA)
Source of classification or shelving scheme Universal Decimal Classification
Koha item type Libro de préstamo a domicilio
Suppress in OPAC No
Existencias
Withdrawn status Lost status Source of classification or shelving scheme Damaged status Not for loan Collection Home library Current library Date acquired Total checkouts Full call number Barcode Date last seen Date last checked out Price effective from Koha item type
    Universal Decimal Classification     Colección General Biblioteca Escuela de Ciencias Sociales Biblioteca Escuela de Ciencias Sociales 04/09/2023 1 7.03 K32 000786 22/06/2026 03/03/2026 04/09/2023 Libro de préstamo a domicilio
Biblioteca de la Escuela Preuniversitaria en Ciencias Sociales y Humanísticas.
Riobamba 250 bis.
CP 2000 - Rosario - Santa Fe
E-Mail: biblioteca@esociales.unr.edu.ar